[Event "DOM-ch"]
[Site "Santo Domingo"]
[Date "2022.02.19"]
[Round "2"]
[White "Araujo Sanchez, Josue"]
[Black "Mendez Reyes, David Antonio"]
[Result "1-0"]
[WhiteElo "2264"]
[BlackElo "2056"]
[PlyCount "69"]
[EventDate "2022.02.18"]
[EventType "swiss"]
[EventRounds "11"]
[EventCountry "DOM"]
[SourceTitle "EXT 2023"]
[Source "ChessBase"]
[SourceDate "2022.10.05"]
[SourceVersion "1"]
[SourceVersionDate "2022.10.05"]
[SourceQuality "1"]

1. c4 e5 2. g3 Nf6 3. Bg2 Be7 4. Nc3 Nc6 5. Nf3 d6 6. 0-0 0-0 7. d4 Nxd4 8. Nxd4 exd4 9. Qxd4 a6 10. Rd1 h6 11. Bf4 Nh5 12. Be3 Nf6 13. h3 Rb8 14. a4 Be6 15. Rac1 Nd7 16. b3 Nc5 17. Rb1 Bf6 18. Qd2 Bf5 19. Rb2 Ne4 20. Nxe4 Bxb2 21. Qxb2 Qe7 22. Nc3 Be6 23. Bd4 f6 24. Nd5 Bxd5 25. cxd5 Rfe8 26. e3 Qd7 27. Rc1 Re7 28. h4 Rf8 29. Kh2 f5 30. h5 f4 31. gxf4 Qg4 32. Bh3 Qxh5 33. Rg1 Rff7 34. Bf6 Re8 35. Rxg7+ 1-0

[Event "DOM-ch"]
[Site "Santo Domingo"]
[Date "2022.02.18"]
[Round "1"]
[White "Mendez Reyes, David Antonio"]
[Black "Amador Cedano, Benedicto Eurispide"]
[Result "1-0"]
[WhiteElo "2056"]
[BlackElo "1768"]
[PlyCount "55"]
[EventDate "2022.02.18"]
[EventType "swiss"]
[EventRounds "11"]
[EventCountry "DOM"]
[SourceTitle "EXT 2023"]
[Source "ChessBase"]
[SourceDate "2022.10.05"]
[SourceVersion "1"]
[SourceVersionDate "2022.10.05"]
[SourceQuality "1"]

1. d4 d5 2. c4 Nf6 3. Nc3 dxc4 4. e3 c6 5. Bxc4 Bg4 6. Qb3 e6 7. Qxb7 Nbd7 8. Qxc6 Rc8 9. Qa4 Be7 10. Nge2 Qc7 11. Ba6 Rb8 12. 0-0 0-0 13. Bd3 Rb4 14. Qc2 Rc8 15. Bd2 Rbb8 16. Rfc1 Qb6 17. e4 Bxe2 18. Bxe2 Qxd4 19. Be3 Qb4 20. Bxa7 Ra8 21. Be3 Qb7 22. a4 Bb4 23. f3 Nb6 24. Qb3 Nbd7 25. Na2 Rcb8 26. Nxb4 Qxb4 27. Rc8+ Nf8 28. Qxb4 1-0

[Event "DOM-ch"]
[Site "Santo Domingo"]
[Date "2021.05.16"]
[Round "8"]
[White "Mendez Reyes, David Antonio"]
[Black "Crispin Ferreras, Darvi Abraham"]
[Result "0-1"]
[WhiteElo "2154"]
[BlackElo "2142"]
[PlyCount "86"]
[EventDate "2021.05.07"]
[EventType "swiss"]
[EventRounds "11"]
[EventCountry "DOM"]
[SourceTitle "CBM 203 Extra"]
[Source "ChessBase"]
[SourceDate "2021.09.30"]
[SourceVersion "1"]
[SourceVersionDate "2021.09.30"]
[SourceQuality "1"]

1. d4 Nf6 2. Bf4 e6 3. e3 c5 4. c3 d5 5. Nf3 Bd6 6. Ne5 0-0 7. Nd2 Nc6 8. Bg3 Qc7 9. f4 cxd4 10. exd4 Ne7 11. Bd3 Nf5 12. Bf2 Be7 13. 0-0 b6 14. Qc2 Nd6 15. Rae1 Bb7 16. Bh4 Nfe4 17. Bxe7 Qxe7 18. Re3 f6 19. Ng4 Rae8 20. Nf2 f5 21. Nf3 Kh8 22. Nh3 Qf6 23. Rfe1 Re7 24. Qe2 Bc6 25. Nfg5 Be8 26. Qc2 h6 27. Nf3 Rg8 28. Qc1 g6 29. R3e2 Reg7 30. Kh1 g5 31. Bxe4 Nxe4 32. Ne5 Bh5 33. Rc2 g4 34. Nf2 g3 35. Nxe4 dxe4 36. h3 Qh4 37. Kg1 Bg4 38. hxg4 Rxg4 39. Nxg4 Rxg4 40. Kf1 Rxf4+ 41. Qxf4 Qxf4+ 42. Ke2 e3 43. Kd1 Qe4 0-1

[Event "DOM-ch"]
[Site "Santo Domingo"]
[Date "2021.05.15"]
[Round "7"]
[White "Mendez Reyes, David Antonio"]
[Black "Reyes Perez, Eury Luis"]
[Result "1-0"]
[WhiteElo "2154"]
[BlackElo "1920"]
[PlyCount "61"]
[EventDate "2021.05.07"]
[EventType "swiss"]
[EventRounds "11"]
[EventCountry "DOM"]
[SourceTitle "CBM 203 Extra"]
[Source "ChessBase"]
[SourceDate "2021.09.30"]
[SourceVersion "1"]
[SourceVersionDate "2021.09.30"]
[SourceQuality "1"]

1. d4 g6 2. Bf4 d6 3. e3 Bg7 4. Nf3 Nd7 5. c3 e5 6. dxe5 dxe5 7. Bg3 h5 8. h4 Nh6 9. e4 Ng4 10. Bc4 0-0 11. Nbd2 Nc5 12. Qe2 Be6 13. 0-0 Bf6 14. Rad1 Qe7 15. b4 Na4 16. Rc1 a5 17. a3 Rfd8 18. Bxe6 Qxe6 19. Nc4 b6 20. Rfe1 Kg7 21. Ng5 Qe7 22. f3 Nh6 23. Qc2 Qe8 24. Ne3 Rd6 25. Nd5 Bd8 26. f4 f6 27. Nf3 Ng4 28. c4 axb4 29. axb4 c6 30. Ne3 Nxe3 31. Rxe3 1-0

[Event "DOM-ch"]
[Site "Santo Domingo"]
[Date "2021.05.09"]
[Round "4"]
[White "Mesa Cruz, Juan Carlos"]
[Black "Mendez Reyes, David Antonio"]
[Result "1-0"]
[WhiteElo "1978"]
[BlackElo "2154"]
[PlyCount "63"]
[EventDate "2021.05.07"]
[EventType "swiss"]
[EventRounds "11"]
[EventCountry "DOM"]
[SourceTitle "CBM 203 Extra"]
[Source "ChessBase"]
[SourceDate "2021.09.30"]
[SourceVersion "1"]
[SourceVersionDate "2021.09.30"]
[SourceQuality "1"]

1. e4 c5 2. Nf3 e6 3. c3 a6 4. d4 cxd4 5. Nxd4 Qc7 6. Be3 Nf6 7. Nd2 Nc6 8. Be2 Be7 9. 0-0 0-0 10. f4 d6 11. a4 b6 12. g4 Bb7 13. Bd3 e5 14. Nxc6 Bxc6 15. g5 Nd7 16. f5 Rfd8 17. Qh5 b5 18. Rf3 f6 19. g6 Nf8 20. Rg3 hxg6 21. fxg6 Be8 22. c4 b4 23. b3 a5 24. Nf3 d5 25. exd5 Bc5 26. Re1 Bxe3+ 27. Rxe3 Qb6 28. Kf2 Ra7 29. Rh3 Bxg6 30. Bxg6 Nxg6 31. Qxg6 Re7 32. Ng5 1-0